| 000 | 01027nam a2200265Ia 4500 | ||
|---|---|---|---|
| 003 | OSt | ||
| 005 | 20220930095106.0 | ||
| 006 | a|||||r|||| 00| 0 | ||
| 007 | ta | ||
| 008 | 220926b |||||||| |||| 00| 0 san d | ||
| 024 | _a71705 | ||
| 037 | _cTheses | ||
| 040 |
_aCRL _cCRL _bsan |
||
| 041 |
_2san _asan |
||
| 100 | _aमालती, ले. | ||
| 110 | _aदिल्ली विश्वविद्यालय. कला संकाय. संस्कृत विभाग | ||
| 245 | 0 | _aब्रज के मन्दिरों का वास्तुशास्त्रीय अध्ययन | |
| 246 | _aBraj ke mandiroan kā vāstushāstrīya adhyayana | ||
| 260 | _c2020 | ||
| 300 |
_a241पृ0 _ap. _ccm. |
||
| 650 | _aसंस्कृत साहित्य | ||
| 700 | _aदिल्ली विश्वविद्यालय. कला संकाय. संस्कृत विभाग | ||
| 942 |
_cDIS _2CC |
||
| 999 |
_c888314 _d888314 |
||